Tack Shooter Upgrades (BTD6) - Statistics

General Stats
  • This quiz has been taken 10 times
  • The average score is 13 of 15
Answer Stats
Path Tier Cost (Easy) Cost (Medium) Cost (Hard) Cost (Impoppable Answer % Correct
Top 1 125$ 150$ 160$ 180$ Faster Shooting
100%
Top 2 255$ 300$ 325$ 360$ Even Faster Shooting
100%
Bottom 2 95$ 110$ 120$ 130$ Even More Tacks
100%
Top 3 510$ 600$ 650$ 720$ Hot Shots
100%
Bottom 1 95$ 110$ 120$ 130$ More Tacks
100%
Bottom 3 380$ 450$ 485$ 540$ Tack Sprayer
100%
Middle 4 2,295$ 2,700$ 2.915$ 3,240$ Blade Maelstrom
88%
Middle 3 465$ 550$ 595$ 660$ Blade Shooter
88%
Top 5 38,675$ 45,500$ 49,140$ 54,600$ Inferno Ring
88%
Top 4 2,975$ 3,500$ 3,780$ 4,200$ Ring of Fire
88%
Middle 5 12,750$ 15,000$ 16,200$ 18,000$ Super Maelstrom
88%
Bottom 5 17,000$ 20,000$ 21,600$ 24,000$ The Tack Zone
88%
Middle 1 85$ 100$ 110$ 120$ Long Range Tacks
75%
Bottom 4 2,720$ 3,200$ 3,455$ 3,840$ Overdrive
75%
Middle 22 190$ 225$ 245$ 270$ Super Range Tacks
63%
No matching quizzes found
Score Distribution
Percent of People with Each Score
Percentile by Number Answered
Your Score History
You have not taken this quiz